|
|
|
|
| LEADER |
00842nam a22001817a 4500 |
| 020 |
|
|
|a 81240002916
|
| 082 |
|
|
|a 294.543 3
|b 32Q5
|
| 100 |
|
|
|a അരവിന്ദൻ (Aravindan)
|9 32565
|
| 245 |
|
|
|a സന്ധ്യാകീർത്തനങ്ങൾ സ്തോത്രങ്ങൾ (sandhyakeerthanangal sthothrangal)
|c അരവിന്ദൻ (Aravindan)
|
| 260 |
|
|
|a Kottayam:
|b current books,
|c 1995.
|
| 300 |
|
|
|a 252p.
|
| 650 |
|
|
|a Prayer books, Hinduism, Religion of Indic origin, Religion
|9 32566
|
| 650 |
|
|
|a Hinduism, Religion of Indic origin, Religion
|9 32567
|
| 650 |
|
|
|a Religion of Indic origin, Religion
|9 32568
|
| 650 |
|
|
|a Religion
|9 32569
|
| 942 |
|
|
|c REF
|
| 999 |
|
|
|c 85644
|d 85644
|
| 952 |
|
|
|0 0
|1 0
|4 0
|5 1
|6 294_543000000000000_3_32Q5
|7 1
|8 VCH
|9 77983
|a MGUL
|b MGUL
|c VIV
|d 2016-05-11
|l 0
|o 294.543 3 32Q5
|p G03372
|r 2016-05-11
|w 2016-05-11
|y REF
|